Online
Catalog

San Francisco de Asís y la acción católica : (Record no. 52376)

MARC details
000 -CABECERA
campo de control de longitud fija 01003nam a22002777a 4500
003 - IDENTIFICADOR DEL NÚMERO DE CONTROL
campo de control DO-SdBNP
005 - FECHA Y HORA DE LA ÚLTIMA TRANSACCIÓN
campo de control 20220912153159.0
007 - CAMPO FIJO DE DESCRIPCIÓN FÍSICA--INFORMACIÓN GENERAL
campo de control de longitud fija ta
008 - DATOS DE LONGITUD FIJA--INFORMACIÓN GENERAL
campo de control de longitud fija 110301s1957 dr a 000 0 spa d
040 ## - FUENTE DE LA CATALOGACIÓN
Centro catalogador/agencia de origen DO-SdBNP
Lengua de catalogación spa
Centro/agencia transcriptor BNPHU
082 #4 - NÚMERO DE LA CLASIFICACIÓN DECIMAL DEWEY
Número de clasificación xxxx
Número de documento/Ítem E18s
100 1# - ENTRADA PRINCIPAL--NOMBRE DE PERSONA
Nombre de persona Ecija, Fulgencio M. de
9 (RLIN) 53018
245 10 - MENCIÓN DE TÍTULO
Título San Francisco de Asís y la acción católica :
Resto del título lecciones de optimo apostolado /
Mención de responsabilidad, etc. Fulgencio Ma. de Ecija ; prólogo Ricardo Pittini ; palabras Francisco Panal
260 ## - PUBLICACIÓN, DISTRIBUCIÓN, ETC.
Lugar de publicación, distribución, etc. Ciudad Trujillo, República Dominicana :
Nombre del editor, distribuidor, etc. Tipografía Franciscana,
Fecha de publicación, distribución, etc. 1957.
300 ## - DESCRIPCIÓN FÍSICA
Extensión 458 p. :
Otras características físicas il.
Dimensiones 21 cm.
500 ## - NOTA GENERAL
Nota general En la portada tiene la fecha de 1959.
504 ## - NOTA DE BIBLIOGRAFÍA, ETC.
Nota de bibliografía, etc. Bibliografía p: 6-7
590 ## - NOTA LOCAL (RLIN)
Nota local Inventariado, 2022/ YL
600 #4 - PUNTO DE ACCESO ADICIONAL DE MATERIA--NOMBRE DE PERSONA
Nombre de persona San Francisco de Asís
9 (RLIN) 82348
650 #4 - PUNTO DE ACCESO ADICIONAL DE MATERIA--TÉRMINO DE MATERIA
Término de materia o nombre geográfico como elemento de entrada Iglesia católica
9 (RLIN) 1307
650 #4 - PUNTO DE ACCESO ADICIONAL DE MATERIA--TÉRMINO DE MATERIA
Término de materia o nombre geográfico como elemento de entrada Dogma
9 (RLIN) 27030
700 12 - PUNTO DE ACCESO ADICIONAL--NOMBRE DE PERSONA
Nombre de persona Pittini, Ricardo
Fechas asociadas al nombre 1876-1961
Término indicativo de función/relación prol.
9 (RLIN) 82349
700 12 - PUNTO DE ACCESO ADICIONAL--NOMBRE DE PERSONA
Nombre de persona Panal, Francisco
Fechas asociadas al nombre 1893-1970
Término indicativo de función/relación palab.
9 (RLIN) 82350
910 ## - DATOS DE OPCIÓN DEL USUARIO (OCLC)
Datos de opción del usuario YLockward
942 ## - ELEMENTOS DE PUNTO DE ACCESO ADICIONAL (KOHA)
Fuente del sistema de clasificación o colocación Dewey Decimal Classification
Tipo de ítem Koha Libro
Holdings
Estado de retiro Estado de pérdida Fuente del sistema de clasificación o colocación Restricciones de uso No para préstamo Código de colección Localización permanente Ubicación/localización actual Ubicación en estantería Fecha de adquisición Fuente de adquisición Total de préstamos Signatura topográfica completa Código de barras Fecha visto por última vez Precio válido a partir de Tipo de ítem Koha
    Dewey Decimal Classification Excluido de préstamo   Patrimonio Dominicano Raros y Valiosos Biblioteca Nacional Pedro Henríquez Ureña Biblioteca Nacional Pedro Henríquez Ureña En catalogación 03.01.2022 Manuel Ortiz   xxxx E18s 2022-3912 12.09.2022 12.09.2022 Libro

Powered by Koha